|
|
|
|
| LEADER |
01148nam a22002537a 4500 |
| 001 |
38763 |
| 003 |
BD-DhAAL |
| 008 |
220619t2016 bg ||||| |||| 00| 0 ben d |
| 999 |
|
|
|c 44451
|d 44451
|
| 020 |
|
|
|a 9789849153139
|
| 040 |
|
|
|a BD-DhAAL
|c BD-DhAAL
|
| 041 |
|
|
|a ben
|
| 082 |
|
|
|a 180
|
| 245 |
|
|
|a প্লেটো :
|b ফিদো : আত্না সম্পর্কিত একটি সংলাপ /
|c অনুবাদ, ভূমিকা ও টীকা আমিনুল ইসলাম ভুইয়া
|
| 246 |
|
|
|a Plato : Phaedo
|
| 260 |
|
|
|a ঢাকা :
|b পাঠক সমাবেশ,
|c ২০১৬.
|
| 300 |
|
|
|a ১৮৪ পৃষ্ঠা ;
|c ২২ সে.মি.
|
| 541 |
|
|
|a Donated By Akbar Ali Khan
|e 38763
|
| 600 |
|
|
|a Plato
|t Phaedo.
|9 49463
|
| 650 |
|
|
|a Philosophy, Ancient.
|9 49461
|
| 700 |
|
|
|a ভুইয়া, আমিনুল ইসলাম
|9 49462
|
| 852 |
|
|
|a Ayesha Abed Library
|c Akbar Ali Khan Collection
|
| 942 |
|
|
|2 ddc
|c BK
|
| 952 |
|
|
|0 0
|1 0
|2 ddc
|4 0
|6 180_000000000000000_PLA
|7 1
|9 71044
|a BRACUL
|b BRACUL
|c AAKC
|d 2022-06-19
|e Donated by Akbar Ali Khan
|l 0
|o 180 PLA
|p 3010038763
|r 2022-06-19
|t 1
|w 2022-06-19
|y BK
|